<?xml version="1.0" encoding="UTF-8"?><?xml-stylesheet type="text/xsl" href="static/style.xsl"?><OAI-PMH xmlns="http://www.openarchives.org/OAI/2.0/" xmlns:xsi="http://www.w3.org/2001/XMLSchema-instance" xsi:schemaLocation="http://www.openarchives.org/OAI/2.0/ http://www.openarchives.org/OAI/2.0/OAI-PMH.xsd"><responseDate>2026-06-29T22:11:42Z</responseDate><request verb="GetRecord" identifier="oai:riubu.ubu.es:10259/4169" metadataPrefix="marc">https://riubu.ubu.es/oai/request</request><GetRecord><record><header><identifier>oai:riubu.ubu.es:10259/4169</identifier><datestamp>2021-11-10T09:53:34Z</datestamp><setSpec>com_10259.4_2526</setSpec><setSpec>com_10259.4_2525</setSpec><setSpec>com_10259.4_106</setSpec><setSpec>com_10259_2604</setSpec><setSpec>col_10259_4164</setSpec></header><metadata><record xmlns="http://www.loc.gov/MARC21/slim" xmlns:doc="http://www.lyncode.com/xoai" xmlns:xsi="http://www.w3.org/2001/XMLSchema-instance" xmlns:dcterms="http://purl.org/dc/terms/" xsi:schemaLocation="http://www.loc.gov/MARC21/slim http://www.loc.gov/standards/marcxml/schema/MARC21slim.xsd">
<leader>00925njm 22002777a 4500</leader>
<datafield tag="042" ind1=" " ind2=" ">
<subfield code="a">dc</subfield>
</datafield>
<datafield tag="720" ind1=" " ind2=" ">
<subfield code="a">Anjos, Antonio Jorge Sena dos</subfield>
<subfield code="e">author</subfield>
</datafield>
<datafield tag="720" ind1=" " ind2=" ">
<subfield code="a">Caballero Sahelices, Concesa</subfield>
<subfield code="e">author</subfield>
</datafield>
<datafield tag="720" ind1=" " ind2=" ">
<subfield code="a">Moreira, Marco A.</subfield>
<subfield code="e">author</subfield>
</datafield>
<datafield tag="260" ind1=" " ind2=" ">
<subfield code="c">2015</subfield>
</datafield>
<datafield tag="520" ind1=" " ind2=" ">
<subfield code="a">Neste trabalho se apresenta os resultados da análise dos conteúdos de livros didáticos de Física para o Ensino Médio, na qual se buscou conhecer o tratamento dispensado às equações matemáticas. Com esta finalidade, foram analisadas as obras de Física avaliadas e recomendadas pelo Programa Nacional do Livro Didático (PNLD) para o Ensino Médio. A Teoria da Aprendizagem Significativa de Ausubel e a Teoria dos Campos Conceituais de Vergnaud constituíram os principais referenciais deste estudo. Com base na análise das evidências encontradas, se pode concluir que a maneira como são tratadas as equações matemáticas nos textos didáticos, pode se constituir em obstáculo pedagógico para o aprendizado significativo dos saberes físicos, uma vez que essas equações são de fundamental importância para o ensino da Física.</subfield>
</datafield>
<datafield tag="520" ind1=" " ind2=" ">
<subfield code="a">This paper presents the findings of an analysis of physics textbooks contents, especially those recommended by the Brazilian National Textbook Program for secondary education, in which an attempt was made to identify how those textbooks deal with the role of mathematics equations in physics. Ausubel’s meaningful learning theory and Vergnaud’s conceptual fields theory were the main theoretical framework under which the study was carried out. Research findings suggest that the way the equations are dealt in the physics textbooks might work as a pedagogical obstacle to the meaningful learning of the physics knowledge since the equations are extremely important in the teaching of physics.</subfield>
</datafield>
<datafield tag="024" ind2=" " ind1="8">
<subfield code="a">1579-1513</subfield>
</datafield>
<datafield tag="024" ind2=" " ind1="8">
<subfield code="a">http://hdl.handle.net/10259/4169</subfield>
</datafield>
<datafield ind1=" " ind2=" " tag="653">
<subfield code="a">equações matemáticas</subfield>
</datafield>
<datafield ind1=" " ind2=" " tag="653">
<subfield code="a">ensino de Física</subfield>
</datafield>
<datafield ind1=" " ind2=" " tag="653">
<subfield code="a">aprendizagem significativa</subfield>
</datafield>
<datafield ind1=" " ind2=" " tag="653">
<subfield code="a">mathematical equations</subfield>
</datafield>
<datafield ind1=" " ind2=" " tag="653">
<subfield code="a">physics teaching</subfield>
</datafield>
<datafield ind1=" " ind2=" " tag="653">
<subfield code="a">meaningful learning</subfield>
</datafield>
<datafield tag="245" ind1="0" ind2="0">
<subfield code="a">As equações matemáticas no ensino de Física: Uma análise de conteúdos em livros didáticos de Física</subfield>
</datafield>
</record></metadata></record></GetRecord></OAI-PMH>